[Event "Campeonato España Sub 10"]
[Site "Salobreña"]
[Date "2017.07.06"]
[Round "6"]
[White "Llamas Martinez, Pablo"]
[Black "Perez Sousa, Xabier"]
[Result "0-1"]
[Board "12"]
[WhiteClock "1:30"]
[WhiteElo "1453"]
[WhiteCountry "ESP"]
[WhiteFideId "24544582"]
[WhiteEloChange "-14"]
[BlackClock "1:30"]
[BlackElo "1323"]
[BlackCountry "ESP"]
[BlackFideId "24597040"]
[BlackEloChange "14"]

1. e4 {[%clk 1:30:00]} c5 {[%clk 1:30:00]} 2. d4 {[%clk 1:30:00]} cxd4 {[%clk
1:30:00]} 3. c3 {[%clk 1:30:00]} g6 {[%clk 1:30:00]} 4. cxd4 {[%clk 1:29:00]} d5
{[%clk 1:29:00]} 5. exd5 {[%clk 1:24:00]} Qxd5 {[%clk 1:28:00]} 6. Nc3 {[%clk
1:22:00]} Qd8 {[%clk 1:24:00]} 7. Nf3 {[%clk 1:19:00]} Bg7 {[%clk 1:21:00]} 8.
Bf4 {[%clk 1:14:00]} Nf6 {[%clk 1:17:00]} 9. Bc4 {[%clk 1:12:00]} O-O {[%clk
1:15:00]} 10. O-O {[%clk 1:00:00]} Nc6 {[%clk 1:07:00]} 11. d5 {[%clk 0:53:00]}
Nb8 {[%clk 1:00:00]} 12. Qb3 {[%clk 0:50:00]} Nbd7 {[%clk 0:58:00]} 13. Rfe1
{[%clk 0:45:00]} Nb6 {[%clk 0:50:00]} 14. Re2 {[%clk 0:38:00]} Nxc4 {[%clk
0:46:00]} 15. Qxc4 {[%clk 0:39:00]} Bf5 {[%clk 0:36:00]} 16. Bc7 {[%clk 0:30:00]}
Qd7 {[%clk 0:30:00]} 17. Rae1 {[%clk 0:25:00]} Rfe8 {[%clk 0:26:00]} 18. Rd2
{[%clk 0:19:50]} Rac8 {[%clk 0:23:00]} 19. Ne5 {[%clk 0:12:47]} Qxc7 {[%clk
0:21:00]} 20. Qb3 {[%clk 0:12:50]} Nd7 {[%clk 0:20:00]} 21. d6 {[%clk 0:12:05]}
exd6 {[%clk 0:18:47]} 22. Qxf7+ {[%clk 0:11:29]} Kh8 {[%clk 0:18:54]} 23. Rde2
{[%clk 0:10:01]} Nxe5 {[%clk 0:17:50]} 24. Qb3 {[%clk 0:09:48]} Rf8 {[%clk
0:15:48]} 25. f4 {[%clk 0:09:13]} Nd3 {[%clk 0:14:28]} 26. Rf1 {[%clk 0:08:26]}
Nc5 {[%clk 0:14:29]} 27. Qa3 {[%clk 0:08:13]} Bd3 {[%clk 0:14:47]} 28. Rfe1
{[%clk 0:08:18]} Bxe2 {[%clk 0:14:57]} 29. Rxe2 {[%clk 0:08:39]} Bd4+ {[%clk
0:13:56]} 30. Kh1 {[%clk 0:08:49]} Rce8 {[%clk 0:12:24]} 31. Rxe8 {[%clk
0:08:28]} Rxe8 {[%clk 0:12:44]} 32. h3 {[%clk 0:08:44]} Re1+ {[%clk 0:12:23]} 33.
Kh2 {[%clk 0:09:01]} Bg1+ {[%clk 0:12:35]} 34. Kg3 {[%clk 0:09:01]} Re3+ {[%clk
0:12:52]} 35. Kg4 {[%clk 0:09:04]} Qd7+ {[%clk 0:12:52]} 0-1

[Event "Campeonato España Sub 10"]
[Site "Salobreña"]
[Date "2017.07.06"]
[Round "6"]
[White "Fuertes Cirauqui, Pablo"]
[Black "Moles Benali, Joan"]
[Result "1-0"]
[Board "13"]
[WhiteClock "1:30"]
[WhiteElo "1415"]
[WhiteCountry "ESP"]
[WhiteFideId "24513598"]
[WhiteEloChange "7"]
[BlackClock "1:30"]
[BlackElo "1310"]
[BlackCountry "ESP"]
[BlackFideId "24560553"]
[BlackEloChange "-7"]

1. e4 {[%clk 1:30:00]} c5 {[%clk 1:30:00]} 2. c3 {[%clk 1:31:00]} g6 {[%clk
1:31:00]} 3. d4 {[%clk 1:31:00]} cxd4 {[%clk 1:31:00]} 4. cxd4 {[%clk 1:31:00]}
d5 {[%clk 1:31:00]} 5. e5 {[%clk 1:31:00]} Nc6 {[%clk 1:30:00]} 6. Nc3 {[%clk
1:29:00]} Nh6 {[%clk 1:27:00]} 7. h3 {[%clk 1:27:00]} Nf5 {[%clk 1:21:00]} 8.
Nge2 {[%clk 1:25:00]} Bg7 {[%clk 1:20:00]} 9. g4 {[%clk 1:24:00]} Nh6 {[%clk
1:19:00]} 10. Bg2 {[%clk 1:23:00]} O-O {[%clk 1:13:00]} 11. f4 {[%clk 1:23:00]}
Nxg4 {[%clk 1:11:00]} 12. hxg4 {[%clk 1:20:00]} Bxg4 {[%clk 1:11:00]} 13. Bh3
{[%clk 1:19:00]} Bh5 {[%clk 1:09:00]} 14. a3 {[%clk 1:16:00]} e6 {[%clk 1:06:00]}
15. Qd3 {[%clk 1:14:00]} Qh4+ {[%clk 1:02:00]} 16. Ng3 {[%clk 1:13:00]} Nxd4
{[%clk 0:59:00]} 17. Bg2 {[%clk 1:01:00]} Nf3+ {[%clk 0:55:00]} 18. Qxf3 {[%clk
1:00:00]} Bxf3 {[%clk 0:54:00]} 19. Rxh4 {[%clk 1:01:00]} Bxg2 {[%clk 0:54:00]}
20. Kf2 {[%clk 1:01:00]} Be4 {[%clk 0:54:00]} 21. Ngxe4 {[%clk 1:01:00]} dxe4
{[%clk 0:55:00]} 22. Nxe4 {[%clk 1:02:00]} Rac8 {[%clk 0:54:00]} 23. Nc3 {[%clk
1:01:00]} Rc4 {[%clk 0:53:00]} 24. Be3 {[%clk 0:59:00]} Bxe5 {[%clk 0:54:00]} 25.
Rc1 {[%clk 0:57:00]} Bf6 {[%clk 0:50:00]} 26. Rh3 {[%clk 0:55:00]} a6 {[%clk
0:50:00]} 27. Kf3 {[%clk 0:53:00]} Rfc8 {[%clk 0:49:00]} 28. Bd2 {[%clk 0:52:00]}
h5 {[%clk 0:46:00]} 29. Rg1 {[%clk 0:51:00]} Kf8 {[%clk 0:46:00]} 30. Ne4 {[%clk
0:49:00]} Ke7 {[%clk 0:45:00]} 31. Bb4+ {[%clk 0:50:00]} Rxb4 {[%clk 0:45:00]}
32. axb4 {[%clk 0:50:00]} Bxb2 {[%clk 0:45:00]} 33. Rh2 {[%clk 0:49:00]} Bc3
{[%clk 0:45:00]} 34. Rc1 {[%clk 0:49:00]} Rc4 {[%clk 0:44:00]} 35. Rxc3 {[%clk
0:49:00]} Rxb4 {[%clk 0:44:00]} 36. Rd2 {[%clk 0:49:00]} f5 {[%clk 0:44:00]} 37.
Ng5 {[%clk 0:49:00]} e5 {[%clk 0:43:00]} 38. Rc7+ {[%clk 0:49:00]} Ke8 {[%clk
0:44:00]} 39. Ne6 {[%clk 0:49:00]} Rb3+ {[%clk 0:44:00]} 40. Kg2 {[%clk 0:49:00]}
1-0

[Event "Campeonato España Sub 10"]
[Site "Salobreña"]
[Date "2017.07.06"]
[Round "6"]
[White "Cereijo Suarez, Nerea"]
[Black "Garcia Prada, Guillermo"]
[Result "1-0"]
[Board "14"]
[WhiteClock "1:30"]
[WhiteElo "1288"]
[WhiteCountry "ESP"]
[WhiteFideId "24596124"]
[WhiteEloChange "13"]
[BlackClock "1:30"]
[BlackElo "1401"]
[BlackCountry "ESP"]
[BlackFideId "24547131"]
[BlackEloChange "-13"]

1. d4 {[%clk 1:30:00]} d5 {[%clk 1:30:00]} 2. Bf4 {[%clk 1:31:00]} Nf6 {[%clk
1:31:00]} 3. e3 {[%clk 1:31:00]} c5 {[%clk 1:31:00]} 4. c3 {[%clk 1:31:00]} Nc6
{[%clk 1:31:00]} 5. Nf3 {[%clk 1:29:00]} Qb6 {[%clk 1:31:00]} 6. Qc2 {[%clk
1:29:00]} Bf5 {[%clk 1:31:00]} 7. dxc5 {[%clk 1:26:00]} Bxc2 {[%clk 1:29:00]} 8.
cxb6 {[%clk 1:26:00]} axb6 {[%clk 1:29:00]} 9. Na3 {[%clk 1:18:00]} Be4 {[%clk
1:25:00]} 10. Nb5 {[%clk 1:10:00]} Rc8 {[%clk 1:22:00]} 11. Rd1 {[%clk 1:01:00]}
e6 {[%clk 1:18:00]} 12. Bd6 {[%clk 0:54:00]} Bxf3 {[%clk 1:16:00]} 13. gxf3
{[%clk 0:54:00]} Kd7 {[%clk 1:16:00]} 14. Bxf8 {[%clk 0:52:00]} Rhxf8 {[%clk
1:17:00]} 15. e4 {[%clk 0:52:00]} Ke7 {[%clk 1:16:00]} 16. exd5 {[%clk 0:49:00]}
exd5 {[%clk 1:16:00]} 17. Nd4 {[%clk 0:48:00]} Rfd8 {[%clk 1:16:00]} 18. Bh3
{[%clk 0:46:00]} Ra8 {[%clk 1:15:00]} 19. a3 {[%clk 0:46:00]} Kf8 {[%clk
1:15:00]} 20. O-O {[%clk 0:42:00]} Re8 {[%clk 1:14:00]} 21. Nf5 {[%clk 0:39:00]}
Re2 {[%clk 1:11:00]} 22. Rb1 {[%clk 0:39:00]} Ne5 {[%clk 1:11:00]} 23. Nd4 {[%clk
0:37:00]} Rd2 {[%clk 1:10:00]} 24. Rfd1 {[%clk 0:37:00]} Rxd1+ {[%clk 1:08:00]}
25. Rxd1 {[%clk 0:37:00]} Nc4 {[%clk 1:09:00]} 26. Rb1 {[%clk 0:36:00]} Re8
{[%clk 1:08:00]} 27. Bf1 {[%clk 0:35:00]} Ne5 {[%clk 1:05:00]} 28. Kg2 {[%clk
0:26:00]} Nh5 {[%clk 1:01:00]} 29. Re1 {[%clk 0:22:00]} Nd3 {[%clk 0:57:00]} 30.
Rxe8+ {[%clk 0:21:00]} Kxe8 {[%clk 0:57:00]} 31. Bxd3 {[%clk 0:20:00]} Nf4+
{[%clk 0:58:00]} 32. Kf1 {[%clk 0:20:00]} Nxd3 {[%clk 0:58:00]} 33. b3 {[%clk
0:20:00]} g6 {[%clk 0:58:00]} 34. Ke2 {[%clk 0:20:00]} Nf4+ {[%clk 0:57:00]} 35.
Kd2 {[%clk 0:19:20]} Kd7 {[%clk 0:57:00]} 36. Ne2 {[%clk 0:19:16]} Ne6 {[%clk
0:57:00]} 37. Ke3 {[%clk 0:18:51]} Kd6 {[%clk 0:56:00]} 38. Nd4 {[%clk 0:18:45]}
Nc7 {[%clk 0:56:00]} 39. f4 {[%clk 0:17:46]} Ne6 {[%clk 0:53:00]} 40. Nxe6 {[%clk
0:17:45]} Kxe6 {[%clk 0:53:00]} 41. a4 {[%clk 0:17:55]} f6 {[%clk 0:53:00]} 42.
h3 {[%clk 0:18:05]} Kd6 {[%clk 0:52:00]} 43. Kd4 {[%clk 0:18:12]} Kc6 {[%clk
0:52:00]} 44. Kd3 {[%clk 0:18:11]} Kd6 {[%clk 0:52:00]} 45. Kd4 {[%clk 0:18:23]}
h6 {[%clk 0:52:00]} 46. Ke3 {[%clk 0:17:20]} Ke6 {[%clk 0:51:00]} 47. Kf3 {[%clk
0:17:08]} Kf5 {[%clk 0:51:00]} 48. Ke3 {[%clk 0:17:13]} Ke6 {[%clk 0:51:00]} 49.
Kf3 {[%clk 0:17:26]} h5 {[%clk 0:51:00]} 50. Ke3 {[%clk 0:17:31]} Kd7 {[%clk
0:50:00]} 51. Kf3 {[%clk 0:17:33]} Kd6 {[%clk 0:50:00]} 52. Ke3 {[%clk 0:17:41]}
Ke6 {[%clk 0:51:00]} 53. Kf3 {[%clk 0:17:49]} Kf5 {[%clk 0:50:00]} 54. Ke3 {[%clk
0:17:38]} g5 {[%clk 0:45:00]} 55. fxg5 {[%clk 0:17:22]} Kxg5 {[%clk 0:45:00]} 56.
Kf3 {[%clk 0:17:15]} Kh4 {[%clk 0:45:00]} 57. Kg2 {[%clk 0:17:29]} f5 {[%clk
0:45:00]} 58. f4 {[%clk 0:17:43]} b5 {[%clk 0:44:00]} 59. a5 {[%clk 0:16:32]} b4
{[%clk 0:45:00]} 60. cxb4 {[%clk 0:15:28]} d4 {[%clk 0:45:00]} 61. b5 {[%clk
0:15:44]} d3 {[%clk 0:45:00]} 62. Kf2 {[%clk 0:15:55]} Kxh3 {[%clk 0:45:00]} 63.
a6 {[%clk 0:16:13]} Kg4 {[%clk 0:44:00]} 64. axb7 {[%clk 0:44:00]} h4 {[%clk
0:44:00]} 65. b8Q {[%clk 0:44:00]} d2 {[%clk 0:44:00]} 66. Ke2 {[%clk 0:44:00]}
h3 {[%clk 0:44:00]} 67. Qg8+ {[%clk 0:44:00]} Kxf4 {[%clk 0:44:00]} 68. Kxd2
{[%clk 0:44:00]} Kf3 {[%clk 0:44:00]} 69. b6 {[%clk 0:44:00]} f4 {[%clk 0:44:00]}
70. b7 {[%clk 0:44:00]} h2 {[%clk 0:44:00]} 71. Qh7 {[%clk 0:44:00]} Kg2 {[%clk
0:44:00]} 72. b8Q {[%clk 0:44:00]} f3 {[%clk 0:44:00]} 73. Qbxh2+ {[%clk
0:44:00]} Kf1 {[%clk 0:44:00]} 1-0

[Event "Campeonato España Sub 10"]
[Site "Salobreña"]
[Date "2017.07.06"]
[Round "6"]
[White "Puente Fernandez, Lucas"]
[Black "Cereijo Suarez, Alejandro"]
[Result "1/2-1/2"]
[Board "16"]
[WhiteClock "1:30"]
[WhiteElo "1270"]
[WhiteCountry "ESP"]
[WhiteFideId "24560596"]
[WhiteEloChange "2"]
[BlackClock "1:30"]
[BlackElo "1327"]
[BlackCountry "ESP"]
[BlackFideId "24596116"]
[BlackEloChange "-2"]

1. d4 {[%clk 1:30:00]} Nf6 {[%clk 1:30:00]} 2. c4 {[%clk 1:31:00]} g6 {[%clk
1:31:00]} 3. Nf3 {[%clk 1:30:00]} Bg7 {[%clk 1:31:00]} 4. Nc3 {[%clk 1:30:00]}
O-O {[%clk 1:31:00]} 5. e4 {[%clk 1:29:00]} d6 {[%clk 1:30:00]} 6. Be2 {[%clk
1:28:00]} Bg4 {[%clk 1:29:00]} 7. h3 {[%clk 1:26:00]} Bxf3 {[%clk 1:30:00]} 8.
Bxf3 {[%clk 1:25:00]} Nfd7 {[%clk 1:27:00]} 9. Bg5 {[%clk 1:21:00]} Nc6 {[%clk
1:27:00]} 10. Ne2 {[%clk 1:17:00]} h6 {[%clk 1:24:00]} 11. Bh4 {[%clk 1:16:00]}
Bf6 {[%clk 1:19:00]} 12. Bxf6 {[%clk 0:53:00]} Nxf6 {[%clk 1:19:00]} 13. Qd2
{[%clk 0:53:00]} Kg7 {[%clk 1:19:00]} 14. O-O {[%clk 0:53:00]} e5 {[%clk
1:19:00]} 15. Rfd1 {[%clk 0:53:00]} Nd7 {[%clk 1:19:00]} 16. Rac1 {[%clk
0:53:00]} Ne7 {[%clk 1:19:00]} 17. c5 {[%clk 0:53:00]} dxc5 {[%clk 1:19:00]} 18.
dxc5 {[%clk 0:53:00]} Nf6 {[%clk 1:19:00]} 19. Qc3 {[%clk 0:53:00]} Qc8 {[%clk
1:19:00]} 20. Qxe5 {[%clk 0:50:00]} Nc6 {[%clk 1:18:00]} 21. Qc3 {[%clk 0:48:00]}
Re8 {[%clk 1:17:00]} 22. Bg4 {[%clk 0:46:00]} Qb8 {[%clk 1:17:00]} 23. Ng3 {[%clk
0:33:00]} Ne5 {[%clk 1:15:00]} 24. f4 {[%clk 0:27:00]} Nexg4 {[%clk 1:15:00]} 25.
hxg4 {[%clk 0:28:00]} c6 {[%clk 1:15:00]} 26. g5 {[%clk 0:27:00]} Qxf4 {[%clk
1:13:00]} 27. Qxf6+ {[%clk 0:27:00]} Qxf6 {[%clk 1:14:00]} 28. gxf6+ {[%clk
0:24:00]} Kxf6 {[%clk 1:14:00]} 29. Rd6+ {[%clk 0:24:00]} Ke7 {[%clk 1:14:00]}
30. Re1 {[%clk 0:24:00]} Rad8 {[%clk 1:14:00]} 31. e5 {[%clk 0:24:00]} Rxd6
{[%clk 1:14:00]} 32. exd6+ {[%clk 0:24:00]} Kd7 {[%clk 1:14:00]} 33. Rxe8 {[%clk
0:24:00]} Kxe8 {[%clk 1:14:00]} 34. Kf2 {[%clk 0:24:00]} Kd7 {[%clk 1:14:00]} 35.
b4 {[%clk 0:24:00]} b6 {[%clk 1:14:00]} 36. a3 {[%clk 0:24:00]} bxc5 {[%clk
1:14:00]} 37. bxc5 {[%clk 0:24:00]} f5 {[%clk 1:14:00]} 38. Kf3 {[%clk 0:24:00]}
Ke6 {[%clk 1:14:00]} 39. Nxf5 {[%clk 0:24:00]} gxf5 {[%clk 1:14:00]} 40. Kf4
{[%clk 0:24:00]} a6 {[%clk 1:14:00]} 41. g3 {[%clk 0:24:00]} a5 {[%clk 1:14:00]}
42. a4 {[%clk 0:24:00]} Kf6 {[%clk 1:14:00]} 43. g4 {[%clk 0:24:00]} fxg4 {[%clk
1:14:00]} 44. Kxg4 {[%clk 0:24:00]} Ke6 {[%clk 1:14:00]} 45. Kh5 {[%clk 0:24:00]}
Kf7 {[%clk 1:14:00]} 46. Kxh6 {[%clk 0:24:00]} Kf6 {[%clk 1:14:00]} 47. Kh5
{[%clk 0:24:00]} Kf7 {[%clk 1:14:00]} 48. Kg5 {[%clk 0:24:00]} Ke6 {[%clk
1:14:00]} 49. Kf4 {[%clk 0:24:00]} Kf6 {[%clk 1:14:00]} 50. Ke3 {[%clk 0:24:00]}
Kf7 {[%clk 1:14:00]} 51. Kf3 {[%clk 0:24:00]} Ke6 {[%clk 1:14:00]} 52. Kg4 {[%clk
0:24:00]} Kd7 {[%clk 1:14:00]} 53. Kf5 {[%clk 0:24:00]} Kd8 {[%clk 1:14:00]} 54.
Kf6 {[%clk 0:24:00]} Kd7 {[%clk 1:14:00]} 55. Ke5 {[%clk 0:24:00]} Kd8 {[%clk
1:14:00]} 56. Ke6 {[%clk 0:24:00]} 1/2-1/2

[Event "Campeonato España Sub 10"]
[Site "Salobreña"]
[Date "2017.07.06"]
[Round "6"]
[White "Hernandez Hurtado, Jose Carlos"]
[Black "Domene Mulyukov, Alexander"]
[Result "1-0"]
[Board "17"]
[WhiteClock "1:30"]
[WhiteElo "1234"]
[WhiteCountry "ESP"]
[WhiteFideId "32096305"]
[WhiteEloChange "13"]
[BlackClock "1:30"]
[BlackElo "1326"]
[BlackCountry "ESP"]
[BlackFideId "24589802"]
[BlackEloChange "-13"]

1. e4 {[%clk 1:30:00]} e5 {[%clk 1:30:00]} 2. Nf3 {[%clk 1:31:00]} Nc6 {[%clk
1:31:00]} 3. d4 {[%clk 1:31:00]} exd4 {[%clk 1:31:00]} 4. Bc4 {[%clk 1:31:00]}
Nf6 {[%clk 1:30:00]} 5. O-O {[%clk 1:31:00]} Bc5 {[%clk 1:29:00]} 6. e5 {[%clk
1:31:00]} d5 {[%clk 1:28:00]} 7. Bb5 {[%clk 1:30:00]} Ne4 {[%clk 1:26:00]} 8.
Nxd4 {[%clk 1:29:00]} Bd7 {[%clk 1:26:00]} 9. Bxc6 {[%clk 1:29:00]} Bxc6 {[%clk
1:26:00]} 10. f3 {[%clk 1:28:00]} Ng5 {[%clk 1:25:00]} 11. f4 {[%clk 1:28:00]}
Ne4 {[%clk 1:25:00]} 12. Be3 {[%clk 1:26:00]} O-O {[%clk 1:24:00]} 13. Nd2 {[%clk
1:26:00]} f6 {[%clk 1:23:00]} 14. Qe2 {[%clk 1:21:00]} Qd7 {[%clk 1:23:00]} 15.
Kh1 {[%clk 1:18:00]} Bb6 {[%clk 1:20:00]} 16. e6 {[%clk 1:16:00]} Qe8 {[%clk
1:18:00]} 17. f5 {[%clk 1:16:00]} Bxd4 {[%clk 1:15:00]} 18. Bxd4 {[%clk 1:16:00]}
Bb5 {[%clk 1:15:00]} 19. c4 {[%clk 1:16:00]} Nxd2 {[%clk 1:15:00]} 20. Qxd2
{[%clk 1:16:00]} Bxc4 {[%clk 1:15:00]} 21. Rf3 {[%clk 1:16:00]} b6 {[%clk
1:15:00]} 22. Rg3 {[%clk 1:14:00]} Kh8 {[%clk 1:15:00]} 23. Rc1 {[%clk 1:12:00]}
Qh5 {[%clk 1:14:00]} 24. Qf4 {[%clk 1:10:00]} c5 {[%clk 1:14:00]} 25. Qc7 {[%clk
1:10:00]} Qh6 {[%clk 1:14:00]} 26. Be3 {[%clk 1:11:00]} Rfc8 {[%clk 1:13:00]} 27.
Qxc8+ {[%clk 1:09:00]} Rxc8 {[%clk 1:13:00]} 28. Bxh6 {[%clk 1:10:00]} gxh6
{[%clk 1:14:00]} 29. e7 {[%clk 1:10:00]} Bxa2 {[%clk 1:13:00]} 30. Re1 {[%clk
1:10:00]} Re8 {[%clk 1:13:00]} 31. Re6 {[%clk 1:10:00]} d4 {[%clk 1:13:00]} 32.
Rxf6 {[%clk 1:11:00]} d3 {[%clk 1:13:00]} 33. Rf8+ {[%clk 1:11:00]} 1-0

[Event "Campeonato España Sub 10"]
[Site "Salobreña"]
[Date "2017.07.06"]
[Round "6"]
[White "Diaz Medina, Angelo"]
[Black "Aleksanyan Israilyan, Nicolas"]
[Result "1-0"]
[Board "18"]
[WhiteClock "1:30"]
[WhiteElo "1378"]
[WhiteCountry "ESP"]
[WhiteFideId "24562432"]
[WhiteEloChange "7"]
[BlackClock "1:30"]
[BlackElo "1257"]
[BlackCountry "ESP"]
[BlackFideId "54511291"]
[BlackEloChange "-7"]

1. e4 {[%clk 1:30:00]} e5 {[%clk 1:30:00]} 2. Nf3 {[%clk 1:31:00]} Nc6 {[%clk
1:30:00]} 3. d4 {[%clk 1:31:00]} exd4 {[%clk 1:30:00]} 4. Nxd4 {[%clk 1:31:00]}
Bc5 {[%clk 1:30:00]} 5. Nb3 {[%clk 1:32:00]} Bb6 {[%clk 1:31:00]} 6. a4 {[%clk
1:31:00]} a6 {[%clk 1:30:00]} 7. Nc3 {[%clk 1:31:00]} d6 {[%clk 1:29:00]} 8. Nd5
{[%clk 1:32:00]} Ba7 {[%clk 1:29:00]} 9. Qf3 {[%clk 1:22:00]} Ne5 {[%clk
1:27:00]} 10. Qg3 {[%clk 1:20:00]} Ng4 {[%clk 1:27:00]} 11. Ne3 {[%clk 1:10:00]}
Bxe3 {[%clk 1:25:00]} 12. Bxe3 {[%clk 1:10:00]} Qf6 {[%clk 1:23:00]} 13. Bd4
{[%clk 1:05:00]} Qg6 {[%clk 1:23:00]} 14. O-O-O {[%clk 1:03:00]} N4f6 {[%clk
1:21:00]} 15. Qd3 {[%clk 0:58:00]} Ne7 {[%clk 1:19:00]} 16. f3 {[%clk 0:58:00]}
Bd7 {[%clk 1:19:00]} 17. a5 {[%clk 0:56:00]} O-O {[%clk 1:15:00]} 18. g4 {[%clk
0:56:00]} d5 {[%clk 1:15:00]} 19. e5 {[%clk 0:55:00]} Qxd3 {[%clk 1:14:00]} 20.
Bxd3 {[%clk 0:54:00]} Nxg4 {[%clk 1:08:00]} 21. fxg4 {[%clk 0:48:00]} Bxg4 {[%clk
1:08:00]} 22. Rdf1 {[%clk 0:46:00]} Ng6 {[%clk 1:06:00]} 23. Rhg1 {[%clk
0:46:00]} Be6 {[%clk 1:05:00]} 24. Nc5 {[%clk 0:45:00]} Bc8 {[%clk 1:03:00]} 25.
e6 {[%clk 0:44:00]} Bxe6 {[%clk 1:03:00]} 26. Nxe6 {[%clk 0:44:00]} fxe6 {[%clk
1:03:00]} 27. Rxf8+ {[%clk 0:40:00]} Rxf8 {[%clk 1:03:00]} 28. Bxg6 {[%clk
0:40:00]} hxg6 {[%clk 1:04:00]} 29. Rxg6 {[%clk 0:40:00]} Rf7 {[%clk 1:03:00]}
30. Rxe6 {[%clk 0:39:00]} Kh7 {[%clk 1:02:00]} 31. Re5 {[%clk 0:38:00]} c6 {[%clk
1:02:00]} 32. Kd2 {[%clk 0:38:00]} g6 {[%clk 1:02:00]} 33. Kc3 {[%clk 0:36:00]}
Kg8 {[%clk 1:02:00]} 34. Re8+ {[%clk 0:36:00]} Rf8 {[%clk 1:03:00]} 35. Rxf8+
{[%clk 0:36:00]} Kxf8 {[%clk 1:03:00]} 36. Kb4 {[%clk 0:37:00]} Ke7 {[%clk
1:03:00]} 37. Kc5 {[%clk 0:37:00]} Kd7 {[%clk 1:04:00]} 38. Kb6 {[%clk 0:37:00]}
Kc8 {[%clk 1:04:00]} 39. Be5 {[%clk 0:37:00]} g5 {[%clk 1:04:00]} 40. h3 {[%clk
0:37:00]} Kd7 {[%clk 1:05:00]} 41. Bf6 {[%clk 0:37:00]} Kc8 {[%clk 1:05:00]} 42.
Bxg5 {[%clk 0:37:00]} d4 {[%clk 1:05:00]} 43. h4 {[%clk 0:37:00]} d3 {[%clk
1:06:00]} 44. h5 {[%clk 0:37:00]} dxc2 {[%clk 1:06:00]} 45. h6 {[%clk 0:39:00]}
c1Q {[%clk 1:06:00]} 46. Bxc1 {[%clk 0:40:00]} Kd7 {[%clk 1:07:00]} 47. h7 {[%clk
0:40:00]} Kd6 {[%clk 1:07:00]} 48. h8Q {[%clk 0:40:00]} Ke6 {[%clk 1:07:00]} 49.
Qd4 {[%clk 0:40:00]} Kf5 {[%clk 1:08:00]} 50. Qe3 {[%clk 0:40:00]} Kf6 {[%clk
1:08:00]} 51. Kc5 {[%clk 0:40:00]} Kf5 {[%clk 1:08:00]} 52. Kd6 {[%clk 0:41:00]}
Kf6 {[%clk 1:09:00]} 53. Qf4+ {[%clk 0:41:00]} Kg7 {[%clk 1:09:00]} 54. Ke7
{[%clk 0:40:00]} Kg6 {[%clk 1:09:00]} 55. Qg5+ {[%clk 0:40:00]} Kh7 {[%clk
1:09:00]} 56. Kf7 {[%clk 0:40:00]} Kh8 {[%clk 1:09:00]} 57. Qg8# {[%clk 0:40:00]}
1-0

[Event "Campeonato España Sub 10"]
[Site "Salobreña"]
[Date "2017.07.06"]
[Round "6"]
[White "Munoz Valles, Jorge"]
[Black "Diaz Mino, Daniel"]
[Result "0-1"]
[Board "19"]
[WhiteClock "1:30"]
[WhiteElo "1229"]
[WhiteCountry "ESP"]
[WhiteFideId "24550787"]
[WhiteEloChange "-2"]
[BlackClock "1:30"]
[BlackElo "1645"]
[BlackCountry "ESP"]
[BlackFideId "24520462"]
[BlackEloChange "2"]

1. d4 {[%clk 1:30:00]} Nf6 {[%clk 1:30:00]} 2. c4 {[%clk 1:31:00]} g6 {[%clk
1:30:00]} 3. Nc3 {[%clk 1:31:00]} Bg7 {[%clk 1:30:00]} 4. e4 {[%clk 1:31:00]} d6
{[%clk 1:30:00]} 5. Nf3 {[%clk 1:32:00]} O-O {[%clk 1:30:00]} 6. Be2 {[%clk
1:32:00]} e5 {[%clk 1:30:00]} 7. O-O {[%clk 1:32:00]} Nc6 {[%clk 1:30:00]} 8. d5
{[%clk 1:31:00]} Ne7 {[%clk 1:30:00]} 9. Be3 {[%clk 1:31:00]} Ng4 {[%clk
1:28:00]} 10. Qd3 {[%clk 1:29:00]} Nxe3 {[%clk 1:28:00]} 11. Qxe3 {[%clk
1:29:00]} f5 {[%clk 1:25:00]} 12. Nd2 {[%clk 1:29:00]} f4 {[%clk 1:07:00]} 13.
Qd3 {[%clk 1:26:00]} g5 {[%clk 1:05:00]} 14. f3 {[%clk 1:24:00]} Ng6 {[%clk
1:03:00]} 15. b4 {[%clk 1:22:00]} Rf6 {[%clk 1:03:00]} 16. c5 {[%clk 1:22:00]}
Nf8 {[%clk 1:02:00]} 17. Nc4 {[%clk 1:21:00]} h5 {[%clk 1:02:00]} 18. cxd6 {[%clk
1:21:00]} cxd6 {[%clk 1:02:00]} 19. Nb5 {[%clk 1:22:00]} a6 {[%clk 0:58:00]} 20.
Nc3 {[%clk 1:19:00]} Bd7 {[%clk 0:57:00]} 21. a4 {[%clk 1:15:00]} g4 {[%clk
0:55:00]} 22. fxg4 {[%clk 1:07:00]} hxg4 {[%clk 0:55:00]} 23. Nd2 {[%clk
1:06:00]} Qb6+ {[%clk 0:55:00]} 24. Kh1 {[%clk 1:06:00]} g3 {[%clk 0:55:00]} 25.
h3 {[%clk 1:06:00]} Rh6 {[%clk 0:55:00]} 26. Nf3 {[%clk 1:06:00]} Nh7 {[%clk
0:55:00]} 27. Rab1 {[%clk 1:06:00]} Nf6 {[%clk 0:55:00]} 28. a5 {[%clk 1:06:00]}
Qa7 {[%clk 0:55:00]} 29. Nd2 {[%clk 1:06:00]} Bxh3 {[%clk 0:55:00]} 30. Qxg3
{[%clk 1:06:00]} fxg3 {[%clk 0:55:00]} 31. gxh3 {[%clk 1:06:00]} Rxh3+ {[%clk
0:55:00]} 32. Kg2 {[%clk 1:06:00]} Rh2+ {[%clk 0:55:00]} 33. Kxg3 {[%clk
1:06:00]} Rxe2 {[%clk 0:55:00]} 34. Nxe2 {[%clk 1:06:00]} Qe3+ {[%clk 0:55:00]}
35. Nf3 {[%clk 1:06:00]} Nxe4+ {[%clk 0:55:00]} 36. Kg4 {[%clk 1:06:00]} Qxe2
{[%clk 0:55:00]} 37. Rbe1 {[%clk 1:06:00]} Qg2+ {[%clk 0:55:00]} 38. Kf5 {[%clk
1:06:00]} Ng3+ {[%clk 0:55:00]} 39. Ke6 {[%clk 1:06:00]} Nxf1 {[%clk 0:55:00]}
40. Nxe5 {[%clk 1:06:00]} Bxe5 {[%clk 0:55:00]} 41. b5 {[%clk 1:06:00]} Qg4+
{[%clk 0:55:00]} 42. Ke7 {[%clk 1:06:00]} Qg7+ {[%clk 0:55:00]} 43. Ke6 {[%clk
1:06:00]} Qf7# {[%clk 0:55:00]} 0-1